Animal names with consecutive double vowels Quiz Stats

 Plays Quiz not verified by Sporcle

Challenge
Share
Tweet
Embed
Score 0/19 Timer 07:00
0 Plays Today
Hint Animal % Correct
AAAArdvark
59.4%
OOmOOse
49.6%
EEbEE
44.9%
OOgOOse
43.8%
EEdEEr
41.1%
OObabOOn
37.2%
EEEEl
37.1%
EEchEEtah
36.2%
EEshEEP
35.5%
EEbEEtle
34.8%
Hint Animal % Correct
OOracOOn
33.1%
OOkangarOO
32.2%
OOlOOn
25.6%
EEmEErkat
21%
EEchimpanzEE
21%
OOrOOster
19.8%
EEmanatEE
17.7%
OOmongOOse
17.4%
OOwOOdpecker
16.5%

You're not logged in!

Compare scores with friends on all Sporcle quizzes.
OR
Log In

You Might Also Like...

Show Comments

Extras

Top Quizzes Today


Score Distribution

Your Account Isn't Verified!

In order to create a playlist on Sporcle, you need to verify the email address you used during registration. Go to your Sporcle Settings to finish the process.

Report this User

Report this user for behavior that violates our Community Guidelines.

Details: